000 00550nam a22002057a 4500
005 20210419072838.0
008 210303s1993 ||||| |||| 00| 0 eng d
020 _a0449219569
040 _aeng
_cDLC
041 _aeng
080 _a821.111
_bF-85
100 _9796
_aFrancis,Dick
245 _aComeback
_c/ by: Fawcett Crest
260 _aNew York
_bFawcett Crest
_c1993
300 _a321 p.
365 _b5.99 usd
650 0 _9254
_aEnglish literature
653 _aინგლისური ლიტერატურა
942 _2udc
_cBK
999 _c1947
_d1947